000 00625nam a2200193 a 4500
001 000046973
005 20201002053244.0
008 180406s2016 dr a 000 0 spa d
020 _a9789945123753
040 _aDO-SdBNP
_bspa
_cBNPHU
082 _axxxx
_bR696e
100 1 _aRodríguez Rosario, Islen Elba
_974874
245 1 0 _aEducación artística 4 :
_bnivel primario /
_cIslen Elba Rodríguez Rosario.
260 _aSanto Domingo :
_bSusaeta,
_c2016.
300 _a160 p. :
_bil. ;
_c22 cm.
500 _aEnfoque por competencias. Nuevo currículo
504 _aBibliografía : p. 160
590 _aInventariado, 2018/LP
999 _c46461
_d46461